Philippin doanh nghiệp vừa và nhỏ (SMEs) trong chiến lược toàn cầu /

में बचाया:
ग्रंथसूची विवरण
मुख्य लेखक: Chu Việt Cường.
स्वरूप: लेख
भाषा:Vietnamese
विषय:
टैग : टैग जोड़ें
कोई टैग नहीं, इस रिकॉर्ड को टैग करने वाले पहले व्यक्ति बनें!
Thư viện lưu trữ: Thư viện Trường Đại học Đà Lạt
LEADER 00801nam a2200265 4500
001 DLU090088986
005 ##20091201
040 # # |a DLU  |b vie 
041 # # |a vie 
044 # # |a vn 
100 # # |a Chu Việt Cường. 
245 # # |a Philippin doanh nghiệp vừa và nhỏ (SMEs) trong chiến lược toàn cầu /  |c Chu Việt Cường.  
653 # # |a Doanh nghiệp nhỏ 
653 # # |a Kinh tế thương mại 
653 # # |a Toàn cầu hoá 
773 # # |t Nghiên cứu Đông Nam Á  |g Số4(33), 1998, tr. 76-80 
920 # # |a Phòng Tạp chí -- Trung tâm Thông tin - Thư viện Trường Đại học Đà Lạt 
994 # # |a DLU 
900 # # |a True 
911 # # |a Nguyễn Thị Linh Chi 
925 # # |a G 
926 # # |a A 
927 # # |a BB 
980 # # |a Thư viện Trường Đại học Đà Lạt